[Event "Biel SKA"]
[Site "Biel"]
[Date "1996.??.??"]
[Round "10"]
[White "Lautier, Joel"]
[Black "Tukmakov, Vladimir B"]
[Result "1-0"]
[WhiteElo "2620"]
[BlackElo "2580"]
[Annotator "Lautier,Kopylov"]
[PlyCount "55"]
[EventDate "1996.07.22"]
[Source "ChessBase"]
[SourceDate "2004.01.01"]

1. e4 c5 2. Nf3 d6 3. d4 cxd4 4. Nxd4 Nf6 5. Nc3 Nc6 6. Bg5 e6 7. Qd2 a6 8.
O-O-O h6 9. Be3 Be7 10. f4 Nxd4 11. Bxd4 b5 12. Qe3 Qc7 13. e5 dxe5 14. fxe5
Nd7 15. Ne4 O-O $2 16. Nf6+ gxf6 $2 $146 (16... Kh8 $2 17. Qe4 gxf6 18. exf6
Nxf6 19. Qxa8 $18) (16... Nxf6 17. exf6 Bxf6 18. Bxf6 gxf6 19. Qxh6 Qe5 20. h4
$16) 17. exf6 $1 (17. Qxh6 $2 Nxe5 18. Bd3 f5 19. Rhe1 Qd8 $1 $19 {/\ Bg5})
17... Nxf6 18. Qxh6 Rd8 19. Be2 $1 (19. Bxf6 $4 Rxd1+ 20. Kxd1 Qd8+ 21. Bd3
Bxf6 $19) 19... Bb7 (19... Rxd4 20. Rxd4 Qe5 21. Rh4 Ne8 (21... Ne4 22. Qh7+
Kf8 23. Rxe4 $18) 22. Qh7+ Kf8 23. Qh8+ Qxh8 24. Rxh8+ Kg7 25. Rxe8 $18) (19...
e5 20. Qg5+ Kf8 21. Bxe5 Qb6 22. Rhf1 $1 Rxd1+ 23. Bxd1 $18) 20. Qg5+ $1 (20.
Bxf6 Bxf6 21. Qxf6 Be4 $1 22. Qg5+ Kf8 23. Qh6+ Kg8 $132 (23... Ke8 $2 24. Qh8+
Ke7 25. Qh4+ $18)) 20... Kf8 21. Bxf6 Bxf6 22. Qxf6 Bxg2 (22... Be4 $2 23. Qh8+
Ke7 24. Qh4+ $18) 23. Qh6+ (23. Rhg1 $2 Rxd1+ 24. Bxd1 Qxh2 $1) 23... Ke8 $8
24. Rhg1 Rxd1+ 25. Bxd1 Be4 26. Rg4 $1 (26. Rg7 Rc8 $132) (26. Qf6 Qe7 $1 27.
Qf4 (27. Qd4 Bg6 {/\ Rd8}) (27. Qe5 Bg6 28. h4 $2 Qxh4 $1) 27... Bg6 28. h4 e5
$132) (26. Rf1 Qe5 $1 27. Bh5 Ra7 28. Rf6 Re7 29. Bxf7+ Kd7 $132) 26... Bd5 (
26... Qc6 27. Qf6 $1 {/\ Rg8} 27... Bg6 28. Rxg6 $1 fxg6 29. Bf3 $18 {/\ Qh8})
27. Rg7 $1 Rc8 (27... Rd8 28. Qh8+ Ke7 29. Rxf7+ Kxf7 30. Qh7+ $18) (27... Qe5
28. Qh8+ Ke7 29. Rxf7+ $18) 28. Qf6 (28. Qf6 Be4 (28... Rd8 29. Bh5 $18) (28...
Qe7 29. Rg8+ Kd7 30. Qxe7+ Kxe7 31. Rxc8 $18) (28... b4 29. h4 $18) (28... e5
29. Rg8+ Kd7 30. Bg4+ $18) 29. h4 $18 (29. Rg8+ Kd7 30. Qxf7+ Kd6 (30... Kc6
31. Qxe6+ $18) 31. Qf4+ Kd5 32. Rg5+ Bf5)) 1-0

[Event "Biel MTO op"]
[Site "Biel"]
[Date "1996.??.??"]
[Round "4"]
[White "Wahls, Matthias"]
[Black "Henrichs, Thomas"]
[Result "1-0"]
[WhiteElo "2540"]
[BlackElo "2370"]
[PlyCount "63"]
[EventDate "1996.07.??"]
[Source "ChessBase"]
[SourceDate "1997.11.17"]

1. e4 c5 2. Nf3 d6 3. d4 cxd4 4. Nxd4 Nf6 5. Nc3 Nc6 6. Bg5 e6 7. Qd2 a6 8.
O-O-O h6 9. Be3 Be7 10. f4 Nxd4 11. Bxd4 b5 12. Qe3 Qc7 13. e5 dxe5 14. fxe5
Nd7 15. Ne4 Bb7 16. Nd6+ Qxd6 17. exd6 Bg5 18. Qxg5 hxg5 19. Bxg7 Rh4 20. Bd4
Rc8 21. Bf2 Ra4 22. Kb1 Bd5 23. a3 f6 24. Rg1 Rc6 25. Be2 Rxd6 26. b3 Rxa3 27.
Kb2 b4 28. c4 Rc6 29. Rde1 Ne5 30. Bd4 Bxc4 31. bxc4 Rd6 32. Rd1 1-0

[Event "GER-ch 68th"]
[Site "Dudweiler"]
[Date "1996.??.??"]
[Round "7"]
[White "Wahls, Matthias"]
[Black "Lagunow, Alexander"]
[Result "1-0"]
[WhiteElo "2540"]
[BlackElo "2425"]
[Annotator "Kopylov Michael"]
[PlyCount "103"]
[EventDate "1996.11.26"]
[Source "ChessBase"]
[SourceDate "2004.01.01"]

1. e4 c5 2. Nf3 d6 3. d4 cxd4 4. Nxd4 Nf6 5. Nc3 Nc6 6. Bg5 e6 7. Qd2 a6 8.
O-O-O h6 9. Be3 Be7 10. f4 Nxd4 11. Bxd4 b5 12. Qe3 Qc7 13. e5 dxe5 14. fxe5
Nd7 15. Ne4 Bb7 16. Nd6+ Qxd6 17. exd6 Bg5 18. Qxg5 hxg5 19. Bxg7 Rh4 20. Bd4
Rc8 21. Bf2 $1 (21. Be3 f6 22. Rd2 Kf7 23. h3 e5 24. Bd3 Ke6 25. Rf1 Be4 26.
Bxe4 Rxe4 27. Rd3 Rec4 28. Rf2 R4c6 $13 {Mozajov - Kalinin, Moscow 1996}) (21.
Rd2 $6 Bd5 22. Be3 f6 23. Bd3 Ne5 24. b3 Kd7 25. Rf1 Rxh2 26. Rxf6 Rxg2 27.
Rxg2 Bxg2 28. Kb2 Rg8 29. Be2 Kxd6 $17 {Varavin - Makarov, Elista 1994}) 21...
Rh6 22. h4 e5 23. Rh3 g4 24. Re3 Kf8 25. Bg3 f5 26. Bxe5 Be4 27. Rxe4 fxe4 28.
Bg3 Rh5 29. c3 Rf5 30. Be2 Nf6 31. Rd4 Rd8 32. a4 Kf7 33. axb5 axb5 34. Kc2 Ke6
35. Rb4 Rb8 36. d7 Rd8 37. Bxb5 e3 38. Bc7 Rf2+ 39. Kd3 Rd2+ 40. Kxe3 R8xd7 41.
Bxd7+ Rxd7 42. Rb6+ Kf7 43. Rxf6+ Kxf6 44. Bf4 Ke6 45. g3 Kd5 46. b4 Kc4 47.
Be5 Kd5 48. Bf4 Kc4 49. Ke4 Kxc3 50. b5 Rb7 51. h5 Rxb5 52. Be5+ 1-0